LDR 00527naa#a2200157#i#450# 001 EN\INFRA-M\bibl\14599 005 20260430102804.4 100 ## _a20250114b2025####ek#y0engy0150####ca 102 ## _aRU 200 1# _aTHE INTRODUCTION OF DIGITAL TECHNOLOGIES IN THE PROCESS OF PASSENGER SERVICE AT PULKOVO AIRPORT _eConference article/thesis 210 1# _aMoscow _cINFRA-M Academic Publishing LLC. _d2025 215 ## _a2 с. 608 ## _aConference article/thesis _2local 700 #1 _aSycheva _gE. G. 700 #1 _aProskuryakov _gS. A. 856 4# _azh-szf.ru _u